000 00600nam a2200181Ia 4500
001 18458
005 20260306171632.0
008 260306s9999||||xx |||||||||||||| ||und||
041 _aESP
082 _a658.405
_bR22
100 _aRamírez Arango, Julio Sergio,
_eAUT
245 0 _aLa negociación desigual :
_b¿Cómo negociar cuando usted se enfrenta a alguien mucho más poderoso que usted?. Y cuando usted se enfrenta a alguien mucho más débil, ¿habrá que negociar?
260 _c2008
300 _a193 páginas :
_c22 cm.
650 _aGEN
654 _aCAN
942 _cLIB
_dJUS
_fJUS
_2ddc
_n
999 _c18458
_d18458